Statystyki dla Jaki to kraj? #2

Kliknij tutaj aby rozwiązać quiz!

Ogólne statystyki

  • Ten quiz został rozwiązany 154 razy
  • Średni wynik to 11 z 15

Statystyki odpowiedzi

PodpowiedźOdpowiedź% Poprawnych
Państwo na "Ł".Łotwa
94%
Leży częściowo w Europie na literę "T".Turcja
90%
Miasto-państwo na "W".Watykan
90%
Sąsiad Rosji leżący częściowo w Europie na literę "K".Kazachstan
88%
Ma stolicę w Wilnie.Litwa
88%
Pełna nazwa Polski.Rzeczpospolita Polska
84%
Małe państwo na literę "A".Andora
82%
Ma terytorium w Ameryce Południowej.Francja
76%
Ma stolicę w mieście Kiszyniów.Mołdawia
71%
Państwo wyspiarskie pokryte częściowo lodowcami.Islandia
69%
Małe państwo wyspiarskie.Malta
65%
Uznawany za część Serbii.Kosowo
63%
Sąsiad Hiszpanii leżący na południu.Wielka Brytania
41%
Pełna nazwa Rosji.Federacja Rosyjska
40%
Należy do niej wyspa, która przypomina kształtem łapę.Grecja
29%

Rozkład punktacji

Percentyl według liczby udzielonych odpowiedzi

Procent ludzi z każdym wynikiem

Twoja historia wyników

Nie rozwiązałeś tego quizu